000 00740cab a2200241 4500
001 ABS55651
008 090401t1996 xxu||||| |||| 00| 0 eng d
035 _a(Sirsi) u17789
041 _aeng
100 _aBradshaw, J.
245 2 _aA cure for construction ills?
260 _c1996
350 _a0
490 _aInvestors Chronicle
_v35(8) August 1996, 12-13(2)
520 _aAssesses how far Sir Michael Lathams`s recommendations for reforming the construction industry have been implemented two years after its publication.
650 _aCONSTRUCTION CONTRACTS BILL
650 _aCONSTRUCTION INDUSTRY
650 _aLATHAM REFORMS
650 _aREFORM
690 _aBUILT ENVIRONMENT
942 _n0
948 _c04/03/1997
999 _c11799
_d11799